00746nam a2200229 4500001000700000003000900007005001700016007000300033008004100036080002000077100001600097245016600113260003600279300003300315490001200348650003900360700002000399700001900419700003400438830001200472852003200484121274ES-MaACL20230906191725.0t|070214s1999 sp r ||||1| spa d a681.31.06 BASIC1 aPoole, Lon.10aAlgunos programas de uso común en basic b: edición TRS-80 nivel II / cLon Poole, Mary Borchers, Karl Koessel ; traducción de Sebastián Dormido Bencomo. aMadrid : bMcGraw-Hill, c1983. aX, 193 p. : bil. ; c28 cm.1 aOsborne 4aBASIC (Lenguaje de programación)1 aBorchers, Mary.1 aKoessel, Karl.1 aDormido Bencomo, Sebastián.0 aOsborne aES-MaACLjL-7566 bR.107989